[Event "OLNO 1819 SF Berlin III - TSG Oberschön"]
[Site "?"]
[Date "2019.02.03"]
[Round "6.6"]
[White "Lachmann, Utz"]
[Black "Jauk, Wilhelm"]
[Result "1/2-1/2"]
[WhiteElo "2174"]
[BlackElo "2149"]
[PlyCount "59"]
[EventDate "2019.??.??"]

1. e4 e5 2. Nf3 Nf6 3. Nc3 Bb4 4. Bc4 d6 5. d3 Nc6 6. Be3 Na5 7. Bb3 O-O 8. O-O
Bxc3 9. bxc3 c5 10. Nd2 Nxb3 11. cxb3 Ng4 12. Qe2 Nxe3 13. Qxe3 Qe7 14. d4 exd4
15. cxd4 b6 16. Rfe1 Bb7 17. Rad1 Rad8 18. h3 Rfe8 19. d5 f5 20. Qf4 fxe4 21.
Rxe4 Qf7 22. Rxe8+ Rxe8 23. Qxd6 Bxd5 24. Nf1 Bb7 25. Ne3 h6 26. Ng4 Bc8 27.
Ne3 Be6 28. Rd2 Re7 29. Qd8+ Re8 30. Qd6 {(=)} 1/2-1/2

[Event "OLNO 1819 SF Berlin III - TSG Oberschön"]
[Site "?"]
[Date "2019.02.03"]
[Round "6.7"]
[White "Bellmann, Rambald"]
[Black "Offermann, Fernando"]
[Result "1/2-1/2"]
[WhiteElo "2097"]
[BlackElo "2146"]
[PlyCount "112"]
[EventDate "2019.??.??"]

1. e4 c5 2. Nf3 d6 3. d4 Nf6 4. Nc3 cxd4 5. Nxd4 a6 6. Bg5 e6 7. Be2 h6 8. Be3
e5 9. Nb3 Be6 10. f4 Qc7 11. f5 Bc4 12. Bf3 Nbd7 13. Nd2 Rc8 14. a3 Be7 15.
Nxc4 Qxc4 16. Qe2 Qc6 17. Rd1 Nb6 18. Bc1 Na4 19. Nxa4 Qxa4 20. b3 Qc6 21. c4
O-O 22. O-O Qb6+ 23. Qe3 Qxe3+ 24. Bxe3 b5 25. cxb5 axb5 26. b4 Rc4 27. Bc1 Rb8
28. Rfe1 Kf8 29. Kf1 Ke8 30. Bb2 g5 31. h3 h5 32. g4 hxg4 33. hxg4 Rc2 34. Re2
Rbc8 35. Rxc2 Rxc2 36. Bc1 Kd7 37. Bxg5 Rc3 38. Bxf6 Bxf6 39. Be2 Rxa3 40.
Bxb5+ Ke7 41. Bd3 Rb3 42. b5 Bg5 43. Ke2 Rb2+ 44. Kf3 Rb3 45. Ke2 Rb2+ 46. Kf1
Be3 47. Rb1 Rxb1+ 48. Bxb1 f6 49. Ke2 Bc1 50. Ba2 Kd7 51. Kd3 Kc7 52. Kc4 Kb6
53. Bb1 Bg5 54. Bd3 Bh4 55. Kd5 Bg5 56. Kxd6 Bh4 1/2-1/2

[Event "OLNO 1819 SF Berlin III - TSG Oberschön"]
[Site "?"]
[Date "2019.02.03"]
[Round "6.8"]
[White "Mcgowan, Daniel"]
[Black "Stark, Ingo"]
[Result "1-0"]
[WhiteElo "2146"]
[BlackElo "2129"]
[PlyCount "53"]
[EventDate "2019.??.??"]

1. e4 c5 2. Nf3 d6 3. c3 Nf6 4. Be2 Bd7 5. d3 Nc6 6. O-O g6 7. Re1 Bg7 8. Nbd2
e5 9. Nc4 Qc7 10. d4 O-O 11. dxc5 dxc5 12. Qc2 h6 13. h3 Rad8 14. Be3 b6 15. a4
Be6 16. a5 Bxc4 17. axb6 axb6 18. Bxc4 Na5 19. Bf1 Ra8 20. Qa4 c4 21. Qb5 Nd7
22. Red1 Rfd8 23. Rd5 Bf8 24. Rad1 Nc5 25. Bxc4 Nxe4 26. Bxb6 Qxc4 27. Bxd8 1-0

[Event "OLNO 1819 SG Güstrow-Teterow - SC Weis"]
[Site "?"]
[Date "2019.02.03"]
[Round "6.1"]
[White "Moeller, Hendrik"]
[Black "Waschk, Armin"]
[Result "1-0"]
[WhiteElo "2242"]
[BlackElo "2134"]
[PlyCount "127"]
[EventDate "2019.??.??"]

1. c4 Nf6 2. g3 g6 3. Bg2 Bg7 4. Nc3 d6 5. d3 c5 6. e4 Nc6 7. Nge2 a6 8. O-O
O-O 9. a4 Bd7 10. h3 Rb8 11. Be3 Ne8 12. Kh2 Nc7 13. d4 cxd4 14. Nxd4 Ne6 15.
Nde2 Nc5 16. Rb1 Nb4 17. b3 b6 18. Qd2 Re8 19. Rfd1 Qc8 20. Nd4 Ne6 21. Nde2
Nc5 22. Nd4 Ne6 23. Nxe6 Bxe6 24. Ne2 a5 25. Rbc1 Rd8 26. Nf4 Bd7 27. Nd5 Nxd5
28. cxd5 Qb7 29. Bf1 b5 30. Qxa5 bxa4 31. bxa4 Qb3 32. Qc7 Qxa4 33. Qc4 Qxc4
34. Rxc4 Rdc8 35. Rxc8+ Rxc8 36. Rb1 Kf8 37. Ba6 Rd8 38. Bb7 Kg8 39. Bb6 Rf8
40. Kg2 f5 41. Bc6 Bc8 42. Be3 fxe4 43. Rb4 Ba6 44. Rxe4 Bf6 45. Rb4 g5 46. Bd7
Bc8 47. Bxc8 Rxc8 48. Bxg5 Bxg5 49. Rg4 h6 50. h4 Rc5 51. hxg5 h5 52. Rd4 Kf7
53. f4 Kg6 54. Rd2 Kf5 55. Kh3 Rb5 56. Re2 Rxd5 57. Rxe7 Rd2 58. Rh7 Rd1 59.
Rf7+ Kg6 60. Rf6+ Kg7 61. Rh6 d5 62. Rxh5 d4 63. Kg4 d3 64. Rh6 1-0

[Event "OLNO 1819 SG Güstrow-Teterow - SC Weis"]
[Site "?"]
[Date "2019.02.03"]
[Round "6.2"]
[White "Muench, Robert"]
[Black "Waldmann, Hans-Joachim"]
[Result "1/2-1/2"]
[WhiteElo "1999"]
[BlackElo "2297"]
[PlyCount "175"]
[EventDate "2019.??.??"]

1. d4 e6 2. g3 f5 3. Bg2 Nf6 4. Nf3 Be7 5. O-O O-O 6. b3 Qe8 7. Bb2 Qh5 8. Nfd2
d5 9. f3 Qh6 10. Qe1 c5 11. c3 Nc6 12. e4 b6 13. e5 Nd7 14. f4 cxd4 15. cxd4
Nb4 16. Na3 Ba6 17. Rf3 g5 18. Bf1 Bxf1 19. Qxf1 gxf4 20. gxf4 Kh8 21. Rh3 Rg8+
22. Kh1 Qg6 23. Rc1 Rac8 24. Rhc3 Rxc3 25. Rxc3 Nf8 26. Nc2 Qe8 27. a3 Nxc2 28.
Rxc2 Rg4 29. Bc1 Ng6 30. Nb1 Nh4 31. Nc3 Qh5 32. Rf2 Bf8 33. Qa6 Rg7 34. Qc8
Qf7 35. Ne2 Rg8 36. Qc3 Qh5 37. Qh3 Be7 38. Qc3 Bf8 39. Qh3 Be7 40. Qc3 Qe8 41.
Qc7 Bd8 42. Qc3 Qg6 43. Qg3 Qe8 44. Qc3 Rg7 45. Qd3 Rc7 46. Bb2 Qh5 47. Rf1 Qe8
48. Rg1 Ng6 49. Rc1 Qd7 50. Rxc7 Bxc7 51. Qc2 Bd8 52. Bc1 Nh4 53. Ng3 Kg8 54.
Qc3 Kf7 55. Kg1 Qc7 56. Qxc7+ Bxc7 57. Kf2 Ng6 58. Ne2 Ne7 59. Bb2 Nc6 60. Kg3
Na5 61. Nc1 Bd8 62. Bc3 Nc6 63. Nd3 Be7 64. a4 a6 65. Kf3 Kg6 66. Kg3 Kh5 67.
Kf3 Bf8 68. Kg3 b5 69. axb5 axb5 70. Kh3 Kg6 71. Kg3 Be7 72. Kh3 Bd8 73. Ne1 b4
74. Bb2 Na5 75. Nc2 Be7 76. Na1 Kh5 77. Bc1 Bh4 78. Bd2 Bf2 79. Bxb4 Nc6 80.
Nc2 Bxd4 81. Kg3 Bb6 82. Bd6 d4 83. Ne1 Na5 84. b4 Nc4 85. Bc5 Bxc5 86. bxc5
Na5 87. Kf3 Nc6 88. Kg2 1/2-1/2

[Event "OLNO 1819 SG Güstrow-Teterow - SC Weis"]
[Site "?"]
[Date "2019.02.03"]
[Round "6.3"]
[White "Pfeffer, Ruprecht"]
[Black "Dettmann, Gerd"]
[Result "1-0"]
[WhiteElo "2255"]
[BlackElo "2130"]
[PlyCount "123"]
[EventDate "2019.??.??"]

1. e4 c5 2. Nc3 Nc6 3. Nge2 g6 4. d4 cxd4 5. Nxd4 Bg7 6. Be3 d6 7. Bc4 Nf6 8.
f3 Bd7 9. Qd2 O-O 10. O-O-O Na5 11. Bb3 Nxb3+ 12. cxb3 Qb8 13. Bh6 b5 14. Bxg7
Kxg7 15. Kb1 a5 16. Rc1 a4 17. b4 a3 18. b3 Qb7 19. Nc2 Rfc8 20. Ne3 Be6 21.
Qd3 Rab8 22. Qd4 Kg8 23. Rhd1 Rc7 24. Ne2 Rbc8 25. Rxc7 Rxc7 26. Rc1 Rxc1+ 27.
Nxc1 Qa6 28. Nd3 Bd7 29. Nc1 Bc6 30. Ne2 e5 31. Qd2 Qb6 32. Nc3 Bd7 33. h3 Kg7
34. Ncd1 Be6 35. Nc2 d5 36. exd5 Nxd5 37. Nxa3 Bf5+ 38. Kb2 Nf4 39. Ne3 Nd3+
40. Kb1 e4 41. Qc3+ f6 42. Nac2 exf3 43. gxf3 Qe6 44. Nxf5+ Qxf5 45. Nd4 Qxh3
46. Qxd3 h5 47. Qe4 Qf1+ 48. Kb2 Qf2+ 49. Ka3 Qf1 50. Kb2 Qf2+ 51. Kc3 Qxa2 52.
Qe7+ Kh6 53. Qxf6 Qa1+ 54. Kc2 Qa2+ 55. Kd3 Qb1+ 56. Ke2 Qb2+ 57. Ke3 Qc1+ 58.
Ke4 Qb1+ 59. Kd5 Qd3 60. Ke6 Kh7 61. Kf7 Kh6 62. Kg8 1-0

[Event "OLNO 1819 SG Güstrow-Teterow - SC Weis"]
[Site "?"]
[Date "2019.02.03"]
[Round "6.4"]
[White "Luther, Alexander"]
[Black "Abraham, Ingo"]
[Result "1/2-1/2"]
[WhiteElo "2058"]
[BlackElo "2208"]
[PlyCount "92"]
[EventDate "2019.??.??"]

1. e4 c5 2. Nf3 e6 3. d4 cxd4 4. Nxd4 Nf6 5. Nc3 d6 6. g4 h6 7. h4 Nc6 8. Rg1
h5 9. gxh5 Nxh5 10. Bg5 Nf6 11. Qd2 a6 12. O-O-O Bd7 13. f4 Qb6 14. Be2 Nxd4
15. Qxd4 Qxd4 16. Rxd4 Nh7 17. h5 Nxg5 18. fxg5 d5 19. Rgd1 Bc5 20. R4d3 d4 21.
Bf3 Bc6 22. Nb1 e5 23. Rh1 Bd7 24. Rdd1 Be6 25. b3 Rc8 26. Kb2 Ke7 27. Nd2 Bb4
28. Be2 Bc3+ 29. Kb1 Bxd2 30. Rxd2 Rc3 31. Bd3 Rcc8 32. Rg2 Rcg8 33. Kb2 f5 34.
exf5 Bd5 35. f6+ gxf6 36. gxf6+ Kxf6 37. Rf1+ Ke7 38. Rxg8 Rxg8 39. Bg6 e4 40.
Rd1 e3 41. c3 dxc3+ 42. Kxc3 e2 43. Re1 Bf3 44. Bd3 Bxh5 45. Bxe2 Bxe2 46.
Rxe2+ Kd6 1/2-1/2

[Event "OLNO 1819 SG Güstrow-Teterow - SC Weis"]
[Site "?"]
[Date "2019.02.03"]
[Round "6.5"]
[White "Uhl, Heinz"]
[Black "Seiler, Dirk"]
[Result "1-0"]
[WhiteElo "2138"]
[BlackElo "2141"]
[PlyCount "75"]
[EventDate "2019.??.??"]

1. c4 c5 2. Nc3 b6 3. e4 Bb7 4. Be2 e6 5. f4 d6 6. Nf3 Nf6 7. d4 Nxe4 8. Nxe4
Bxe4 9. dxc5 bxc5 10. O-O Be7 11. Nd2 Bc6 12. f5 e5 13. Bf3 Bxf3 14. Rxf3 Nd7
15. Rg3 g6 16. fxg6 hxg6 17. Ne4 Nf6 18. Nc3 Qd7 19. Rd3 Qf5 20. Rf3 Qh5 21.
Qa4+ Nd7 22. Rh3 Bh4 23. Ne4 O-O 24. Bg5 Nb6 25. Qc2 Bxg5 26. Rxh5 Be3+ 27. Kh1
gxh5 28. Nf6+ Kg7 29. Nxh5+ Kh6 30. Nf6 Kg7 31. Ng4 Bg5 32. Qf5 f6 33. b3 Rh8
34. g3 Rad8 35. Kg2 d5 36. h4 Bxh4 37. gxh4 Rd6 38. h5 1-0

[Event "OLNO 1819 SG Güstrow-Teterow - SC Weis"]
[Site "?"]
[Date "2019.02.03"]
[Round "6.6"]
[White "Kiel, Bernd"]
[Black "Venske, Kai-Gerrit"]
[Result "1-0"]
[WhiteElo "1978"]
[BlackElo "2181"]
[PlyCount "123"]
[EventDate "2019.??.??"]

1. e4 d5 2. exd5 Qxd5 3. Nf3 Bg4 4. Be2 Nc6 5. d4 O-O-O 6. Be3 e5 7. c4 Qa5+ 8.
Bd2 Bb4 9. d5 Bxf3 10. Bxf3 Bxd2+ 11. Nxd2 Nd4 12. O-O Qb4 13. Rc1 Nf6 14. Nb3
Nxb3 15. axb3 Kb8 16. Ra1 e4 17. Be2 Qd6 18. Qd4 b6 19. Ra6 Rd7 20. Qc3 c5 21.
dxc6 Qxc6 22. b4 Qc7 23. c5 Rc8 24. Rc1 Nd5 25. Qb3 Nf4 26. Bf1 Nd3 27. Rc2 Qb7
28. Qa3 bxc5 29. bxc5 Nb4 30. c6 Rxc6 31. Raxc6 Nxc6 32. h3 f5 33. Rc3 Nb4 34.
Rc4 Nc6 35. Rc5 Nd4 36. Rc4 Nc6 37. Qa4 Rc7 38. Rc5 Ka8 39. Ba6 Qb6 40. Rxf5
Nb8 41. Qxe4+ Qc6 42. Bd3 Qxe4 43. Bxe4+ Nc6 44. Rc5 Kb7 45. Bxh7 Kb6 46. Rc3
Rd7 47. f4 g5 48. Be4 Nd4 49. Kf2 gxf4 50. Rc8 Re7 51. Bf3 Kb5 52. Rf8 Ne6 53.
Rf5+ Kc4 54. Bd5+ Kd3 55. Re5 Rc7 56. Rxe6 Rc2+ 57. Kf3 Kd4 58. Be4 Rxb2 59.
Kxf4 Re2 60. Rd6+ Kc5 61. Ra6 Kd4 62. Ra4+ 1-0

[Event "OLNO 1819 SG Güstrow-Teterow - SC Weis"]
[Site "?"]
[Date "2019.02.03"]
[Round "6.7"]
[White "Mohrmann, Ralf"]
[Black "Dettmann, Holger"]
[Result "1/2-1/2"]
[WhiteElo "2054"]
[BlackElo "2020"]
[PlyCount "114"]
[EventDate "2019.??.??"]

1. Nf3 d5 2. d4 Nf6 3. c4 e6 4. g3 Be7 5. Bg2 Nbd7 6. O-O O-O 7. Qc2 c6 8. Nbd2
Re8 9. e4 dxc4 10. Nxc4 Nb6 11. Nce5 Nfd7 12. Rd1 f6 13. Nd3 Nf8 14. a4 a5 15.
Be3 Nbd7 16. Qc4 Kh8 17. Bh3 Nb8 18. Nc5 Bxc5 19. dxc5 Qe7 20. e5 Na6 21. Nd2
Ng6 22. exf6 gxf6 23. Ne4 Ne5 24. Qe2 Nf7 25. Rd2 Nb4 26. Nd6 Nxd6 27. cxd6 Qg7
28. Qh5 Bd7 29. Bh6 Qg6 30. Qh4 Nd5 31. Rd4 Rg8 32. Re1 e5 33. Rxd5 Bxh3 34.
Rd2 Bd7 35. Be3 Rg7 36. Bb6 Be6 37. Red1 Rd7 38. Bc7 Qf5 39. Rd3 Qg6 40. Kf1
Kg7 41. b4 axb4 42. Qxb4 c5 43. Qxb7 Rxa4 44. Qc6 Ra1 45. Ke2 Qg4+ 46. f3 Ra2+
47. R3d2 Rxd2+ 48. Rxd2 Bc4+ 49. Kd1 Bb3+ 50. Ke1 Qf5 51. g4 Qb1+ 52. Kf2 Be6
53. Qxc5 Qh1 54. Ke3 Qg1+ 55. Rf2 Qe1+ 56. Kd3 Qd1+ 57. Ke3 Qe1+ 1/2-1/2

[Event "OLNO 1819 SG Güstrow-Teterow - SC Weis"]
[Site "?"]
[Date "2019.02.03"]
[Round "6.8"]
[White "Ramp, Oliver"]
[Black "Mahn, Franko"]
[Result "1/2-1/2"]
[WhiteElo "1930"]
[BlackElo "2146"]
[PlyCount "37"]
[EventDate "2019.??.??"]

1. e4 e6 2. d4 d5 3. exd5 exd5 4. Bd3 Bd6 5. Nf3 Ne7 6. Bg5 Nbc6 7. c3 Be6 8.
Nbd2 Qd7 9. Qc2 h6 10. Bh4 f5 11. Bxe7 Qxe7 12. O-O-O O-O 13. Rde1 Qf6 14. Re2
f4 15. Rhe1 Bf5 16. Ne5 Ne7 17. Ndf3 Rac8 18. Bxf5 Qxf5 19. Qxf5 1/2-1/2

[Event "OLNO 1819 TSG Oberschöneweide - SC Kreu"]
[Site "?"]
[Date "2019.02.24"]
[Round "7.2"]
[White "Schoewel, Matthias"]
[Black "Lerch, Philipp"]
[Result "1/2-1/2"]
[WhiteElo "2221"]
[BlackElo "2319"]
[PlyCount "110"]
[EventDate "2019.??.??"]

1. e4 c6 2. d4 d5 3. Nc3 dxe4 4. Nxe4 Nf6 5. Nxf6+ gxf6 6. Nf3 Bg4 7. Be2 Qc7
8. Be3 Nd7 9. Qd2 e5 10. Nxe5 Nxe5 11. dxe5 Bxe2 12. Kxe2 fxe5 13. Rhd1 Rg8 14.
Kf1 Rg6 15. Qd3 Bd6 16. c4 Qe7 17. c5 Bc7 18. Qb3 Rb8 19. Rd3 Qe6 20. Qc2 e4
21. Rd4 f5 22. Rad1 Be5 23. Rb4 Rg7 24. Bd4 Rd8 25. Bxe5 Qxe5 26. g3 Rxd1+ 27.
Qxd1 Rd7 28. Qb3 Qxc5 29. Rxb7 Rxb7 30. Qxb7 Qd5 31. Qa8+ Kf7 32. Qxa7+ Kg6 33.
Qa3 Qd1+ 34. Kg2 Qd5 35. Kh3 Qd7 36. Qc5 f4+ 37. g4 Qd3+ 38. Kh4 Qd8+ 39. g5
Qd5 40. Qe7 Qf5 41. Qd6+ Kf7 42. Qc7+ Kf8 43. Qxc6 e3 44. Qf3 h6 45. Qa8+ Kf7
46. Qb7+ Kg8 47. Qb8+ Kh7 48. Qc7+ Kg6 49. Qb6+ Kf7 50. gxh6 e2 51. Qa7+ Ke8
52. h7 Qf6+ 53. Kg4 Qg6+ 54. Kf3 Qh5+ 55. Kxf4 Qh4+ {(=)} 1/2-1/2

[Event "OLNO 1819 TSG Oberschöneweide - SC Kreu"]
[Site "?"]
[Date "2019.02.24"]
[Round "7.3"]
[White "Moritz, Aron"]
[Black "Horn, Sven"]
[Result "1/2-1/2"]
[WhiteElo "2212"]
[BlackElo "2081"]
[PlyCount "149"]
[EventDate "2019.??.??"]

1. e4 e5 2. Nf3 Nf6 3. Nxe5 d6 4. Nf3 Nxe4 5. Nc3 Nf6 6. d4 d5 7. Bg5 Be7 8.
Be2 h6 9. Bf4 Bb4 10. O-O O-O 11. Qd3 c6 12. a3 Bxc3 13. Qxc3 Ne4 14. Qb3 Nd7
15. Rfe1 Qf6 16. Bc7 b6 17. c4 Bb7 18. cxd5 cxd5 19. Rac1 Rfc8 20. Qb5 Qf5 21.
Bd3 Ndf6 22. Rc2 g6 23. h3 Qd7 24. Rec1 Qe6 25. a4 Ne8 26. Bf4 N8d6 27. Qb4 Kg7
28. b3 Rxc2 29. Rxc2 Rc8 30. Rxc8 Bxc8 31. a5 bxa5 32. Qxa5 g5 33. Be5+ Kg8 34.
Qxa7 f6 35. Bh2 Nf5 36. Bc7 Qc6 37. Qb8 Ne7 38. Bxe4 dxe4 39. Nd2 Qc1+ 40. Nf1
Kf7 41. Qa7 Nc6 42. Qc5 Nxd4 43. Qxd4 Qxc7 44. Qxe4 Qc1 45. Qh7+ Ke6 46. Qe4+
Kf7 47. Qh7+ Ke6 48. Qd3 Ke5 49. Kh2 Qf4+ 50. Ng3 Qd4 51. Qb5+ Kd6 52. Qf5 Bb7
53. Qb5 Bc8 54. Qf5 Bb7 55. b4 Qe5 56. Qd3+ Ke6 57. Qc4+ Bd5 58. Qg4+ Kd6 59.
Qf5 Qd4 60. b5 Kc5 61. Nh5 Qe5+ 62. Qxe5 fxe5 63. Nf6 Be6 64. Kg3 Kxb5 65. Ng4
e4 66. Nxh6 Kc5 67. Ng4 Kd4 68. Ne3 Ke5 69. Nd1 Bb3 70. Ne3 Be6 71. Ng4+ Kd4
72. Kh2 Bxg4 73. hxg4 e3 74. fxe3+ Kxe3 75. Kg3 {(=)} 1/2-1/2

[Event "OLNO 1819 TSG Oberschöneweide - SC Kreu"]
[Site "?"]
[Date "2019.02.24"]
[Round "7.4"]
[White "Boewer, Roland"]
[Black "Lehmann, Klaus"]
[Result "1/2-1/2"]
[WhiteElo "2183"]
[BlackElo "2257"]
[PlyCount "32"]
[EventDate "2019.??.??"]

1. Nf3 Nf6 2. g3 d5 3. Bg2 e6 4. O-O Be7 5. d3 c5 6. Nbd2 Nc6 7. e4 dxe4 8.
dxe4 e5 9. c3 O-O 10. Qe2 Qc7 11. Re1 h6 12. Nc4 Be6 13. Nh4 Rfd8 14. Nf5 Bf8
15. h3 b5 16. Nce3 Qb7 {(=)} 1/2-1/2

[Event "OLNO 1819 TSG Oberschöneweide - SC Kreu"]
[Site "?"]
[Date "2019.02.24"]
[Round "7.5"]
[White "Glienke, Manfred"]
[Black "Wiedersich, Jens"]
[Result "1/2-1/2"]
[WhiteElo "2244"]
[BlackElo "2105"]
[PlyCount "24"]
[EventDate "2019.??.??"]

1. d4 Nf6 2. Nf3 e6 3. g3 c5 4. Bg2 Nc6 5. O-O d5 6. dxc5 Bxc5 7. c4 O-O 8. Nc3
dxc4 9. Qa4 Nd5 10. Qxc4 Nxc3 11. Qxc3 Qb6 12. e3 Rd8 {(=)} 1/2-1/2

[Event "OLNO 1819 TSG Oberschöneweide - SC Kreu"]
[Site "?"]
[Date "2019.02.24"]
[Round "7.6"]
[White "Jauk, Wilhelm"]
[Black "Holzapfel, Daniel"]
[Result "1/2-1/2"]
[WhiteElo "2160"]
[BlackElo "2250"]
[PlyCount "44"]
[EventDate "2019.??.??"]

1. d4 Nf6 2. Nf3 e6 3. c3 c5 4. Bg5 d5 5. e3 Nbd7 6. Nbd2 Be7 7. Bd3 h6 8. Bh4
O-O 9. O-O b6 10. Rc1 Bb7 11. Bb1 Ne4 12. Bxe7 Qxe7 13. Re1 e5 14. c4 Nxd2 15.
Nxd2 dxc4 16. Nxc4 exd4 17. exd4 Qg5 18. Be4 Bxe4 19. Rxe4 Rfe8 20. Rxe8+ Rxe8
21. dxc5 Nxc5 22. Ne3 Rd8 {(=)} 1/2-1/2

[Event "OLNO 1819 TSG Oberschöneweide - SC Kreu"]
[Site "?"]
[Date "2019.02.24"]
[Round "7.7"]
[White "Dyballa, Markus"]
[Black "Bellmann, Rambald"]
[Result "1-0"]
[WhiteElo "2202"]
[BlackElo "2097"]
[PlyCount "37"]
[EventDate "2019.??.??"]

1. e4 e5 2. Bc4 Nc6 3. Nc3 Nf6 4. d3 Bc5 5. f4 d6 6. Nf3 Ng4 7. Ng5 O-O 8. f5
Bf2+ 9. Kf1 Ne3+ 10. Bxe3 Bxe3 11. h4 Bxg5 12. hxg5 Qxg5 13. Nd5 b5 14. Rh5 Qg3
15. Bxb5 g6 16. Rh3 Qg5 17. Bxc6 Rb8 18. b3 Be6 19. Qc1 1-0

[Event "OLNO 1819 TSG Oberschöneweide - SC Kreu"]
[Site "?"]
[Date "2019.02.24"]
[Round "7.8"]
[White "Hommel, Niclas"]
[Black "Moser, Axel"]
[Result "0-1"]
[WhiteElo "1929"]
[BlackElo "2143"]
[PlyCount "64"]
[EventDate "2019.??.??"]

1. e4 e5 2. Nf3 Nc6 3. Bc4 Nf6 4. Ng5 d5 5. exd5 Na5 6. Bb5+ c6 7. dxc6 bxc6 8.
Bd3 h6 9. Ne4 Nd5 10. O-O Be7 11. Nbc3 O-O 12. Be2 f5 13. Ng3 c5 14. Nxd5 Qxd5
15. d3 Rb8 16. b3 Nc6 17. Bf3 Qd6 18. Bxc6 Qxc6 19. f4 Bb7 20. Qf3 e4 21. dxe4
fxe4 22. Qf2 Rf7 23. Be3 Rbf8 24. Rad1 c4 25. Ne2 cxb3 26. Nd4 Qg6 27. axb3 Bc8
28. c4 Qh5 29. Qc2 Bb7 30. Ne6 Re8 31. Rd7 Bc8 32. Qd2 Qf5 0-1

[Event "OLNO 1819 SV Empor Berlin - SF Berlin I"]
[Site "?"]
[Date "2019.02.24"]
[Round "7.1"]
[White "Nogly, Christoph"]
[Black "Thinius, Marco"]
[Result "1-0"]
[WhiteElo "2222"]
[BlackElo "2408"]
[PlyCount "115"]
[EventDate "2019.??.??"]

1. d4 Nf6 2. c4 e6 3. g3 c5 4. d5 exd5 5. cxd5 d6 6. Nc3 g6 7. Bg2 Bg7 8. Nf3
O-O 9. O-O Re8 10. Re1 a6 11. a4 Nbd7 12. e4 Ng4 13. Nh4 Nge5 14. f4 Nc4 15.
Bf1 Na5 16. Be3 Nf6 17. Qc2 Ng4 18. Bc1 Qb6 19. h3 c4+ 20. Kg2 Nb3 21. Rb1 Nxc1
22. hxg4 Nd3 23. Bxd3 cxd3 24. Qxd3 Bxg4 25. Nf3 Rac8 26. Re2 Qb3 27. Re3 Qb4
28. Qc2 Rc4 29. Rbe1 Bxf3+ 30. Kxf3 Qc5 31. e5 dxe5 32. fxe5 b5 33. axb5 axb5
34. Qd3 b4 35. Ne4 Qd4 36. Nd6 Qg4+ 37. Kg2 Rd4 38. Nxe8 Rxd3 39. Rxd3 Qc4 40.
Nf6+ Kf8 41. Rd2 Bh6 42. Re4 Qc1 43. Rde2 Bg5 44. Nxh7+ Ke8 45. Nxg5 Qxg5 46.
Rxb4 Qc1 47. Rb8+ Kd7 48. e6+ fxe6 49. dxe6+ Ke7 50. Rb7+ Ke8 51. Rh7 Qc6+ 52.
Kh2 Qc4 53. Re5 Qd4 54. Re2 Qc4 55. Rd2 Qxe6 56. Rc2 Kd8 57. b4 Qe4 58. Ra2 1-0

[Event "OLNO 1819 SV Empor Berlin - SF Berlin I"]
[Site "?"]
[Date "2019.02.24"]
[Round "7.2"]
[White "Foerster, Jonas"]
[Black "Wintzer, Joachim"]
[Result "0-1"]
[WhiteElo "2296"]
[BlackElo "2266"]
[PlyCount "81"]
[EventDate "2019.??.??"]

1. d4 d5 2. c4 c6 3. Nf3 Nf6 4. Nc3 dxc4 5. a4 Bf5 6. Nh4 Bg4 7. h3 Bh5 8. g4
Bg6 9. Nxg6 hxg6 10. e3 e6 11. Bxc4 Nbd7 12. Qf3 Be7 13. Bd2 O-O 14. h4 Re8 15.
Ba2 Nf8 16. O-O-O Bb4 17. h5 g5 18. e4 N6h7 19. Qd3 Qa5 20. f4 Rad8 21. Kb1 Qb6
22. d5 Be7 23. Be3 Bc5 24. Bc1 Be7 25. Rhf1 gxf4 26. Bxf4 Bg5 27. Qd2 f6 28.
Qh2 Bxf4 29. Qxf4 Kh8 30. dxc6 e5 31. Qf5 bxc6 32. g5 Nxg5 33. h6 Rxd1+ 34.
Nxd1 Qd8 35. Nc3 Nfh7 36. hxg7+ Kxg7 37. Rd1 Qc8 38. Rd7+ Kh8 39. a5 a6 40. Bc4
Rd8 41. Rxd8+ 0-1

[Event "OLNO 1819 SV Empor Berlin - SF Berlin I"]
[Site "?"]
[Date "2019.02.24"]
[Round "7.3"]
[White "Hoffmann, Udo"]
[Black "Meissner, Hans-Juergen"]
[Result "1/2-1/2"]
[WhiteElo "2281"]
[BlackElo "2216"]
[PlyCount "52"]
[EventDate "2019.??.??"]

1. e4 c5 2. b3 g6 3. Bb2 Nf6 4. Nc3 d6 5. g3 Bg7 6. Bg2 O-O 7. Nge2 e5 8. O-O
Nc6 9. f4 Nd4 10. h3 Rb8 11. g4 Ne8 12. f5 Nc7 13. Kh1 b5 14. Nd5 Nxd5 15. exd5
Nxe2 16. Qxe2 Bf6 17. Be4 Kg7 18. Rf3 g5 19. a4 b4 20. Rg1 h6 21. d3 Rh8 22.
Bc1 Bb7 23. h4 Qd7 24. Rh3 Rbg8 25. hxg5 hxg5 26. Rgg3 Qd8 1/2-1/2

[Event "OLNO 1819 SV Empor Berlin - SF Berlin I"]
[Site "?"]
[Date "2019.02.24"]
[Round "7.4"]
[White "Nitsche-Hahn, Raphael"]
[Black "Andersen, Hans-Christoph"]
[Result "1-0"]
[WhiteElo "2041"]
[BlackElo "2190"]
[PlyCount "139"]
[EventDate "2019.??.??"]

1. d4 d5 2. Bf4 Nf6 3. e3 c5 4. c3 Nc6 5. Nd2 cxd4 6. exd4 Bf5 7. Ngf3 e6 8.
Nh4 Be4 9. Nxe4 dxe4 10. g3 Be7 11. Ng2 O-O 12. Be2 Rc8 13. O-O Na5 14. f3 exf3
15. Bxf3 Nd5 16. Qe2 Nc4 17. Rae1 b5 18. a3 a5 19. Be4 b4 20. axb4 axb4 21. Bd3
Ncb6 22. c4 Nxf4 23. Rxf4 g6 24. b3 Bg5 25. Rg4 Bf6 26. Qe4 Bg7 27. Nh4 Qd7 28.
Rf4 Rcd8 29. Nf3 e5 30. Rh4 exd4 31. Qf4 h6 32. Qd2 Qd6 33. Rxh6 Bxh6 34. Qxh6
Qf6 35. Ng5 Qg7 36. Qh4 Nd7 37. Re7 Ne5 38. Nxf7 Rxf7 39. Rxf7 Kxf7 40. Qxd8
Nxd3 41. Qd5+ Kf6 42. Qf3+ Ke5 43. Qd5+ Kf6 44. Qf3+ Ke5 45. Qe2+ Kf6 46. Qxd3
Qa7 47. Kg2 Ke5 48. Qe2+ Kd6 49. Qd2 Qa1 50. Qxb4+ Ke5 51. Qe7+ Kf5 52. Qf7+
Ke4 53. Qf3+ Ke5 54. Kf2 g5 55. b4 Kd6 56. c5+ Kc7 57. b5 Qa2+ 58. Qe2 Qf7+ 59.
Ke1 Qd5 60. Qe7+ Kc8 61. b6 Qh1+ 62. Kf2 Qxh2+ 63. Kf3 Qh1+ 64. Kg4 Qd1+ 65.
Kxg5 Qd2+ 66. Kh5 Qd1+ 67. g4 Qh1+ 68. Kg5 Qc1+ 69. Kg6 Qf4 70. g5 1-0

[Event "OLNO 1819 SV Empor Berlin - SF Berlin I"]
[Site "?"]
[Date "2019.02.24"]
[Round "7.5"]
[White "Noetzel, Felix"]
[Black "Schabe, Felix"]
[Result "0-1"]
[WhiteElo "2212"]
[BlackElo "1939"]
[PlyCount "80"]
[EventDate "2019.??.??"]

1. e4 d6 2. d4 Nf6 3. Nc3 g6 4. Be3 c6 5. f3 b5 6. Qd2 Nbd7 7. h4 Nb6 8. b3 h5
9. a4 bxa4 10. Nxa4 Bd7 11. Nh3 Bg7 12. Ng5 c5 13. Nb2 cxd4 14. Bxd4 O-O 15.
Nc4 Qc7 16. Kf2 Rfc8 17. c3 d5 18. Nxb6 axb6 19. Ba6 Rcb8 20. e5 Ne8 21. Qe2 b5
22. c4 bxc4 23. bxc4 Rb4 24. Rhc1 Qb8 25. Qe3 Nc7 26. e6 Bxe6 27. Bxg7 Kxg7 28.
Qe5+ Kg8 29. Nxe6 fxe6 30. cxd5 Qb6+ 31. Qe3 Nxa6 32. Qxb6 Rxb6 33. Rc6 Rxc6
34. dxc6 Nc7 35. Rd1 Nd5 36. Rc1 Kf7 37. g4 Kf6 38. Rc4 Ke5 39. Kg3 Rc8 40. f4+
Kd6 0-1

[Event "OLNO 1819 SV Empor Berlin - SF Berlin I"]
[Site "?"]
[Date "2019.02.24"]
[Round "7.6"]
[White "Welz, Peter"]
[Black "Weber, Daniel"]
[Result "1/2-1/2"]
[WhiteElo "2010"]
[BlackElo "2092"]
[PlyCount "50"]
[EventDate "2019.??.??"]

1. e4 e6 2. d4 d5 3. e5 c5 4. c3 Qb6 5. Nf3 Nc6 6. a3 c4 7. Nbd2 Na5 8. g3 Bd7
9. Bg2 Ne7 10. O-O h6 11. Rb1 Qc7 12. Re1 Nc8 13. Nf1 Nb6 14. h4 O-O-O 15. Bf4
Be7 16. N1h2 Kb8 17. Qd2 Ka8 18. h5 Ba4 19. Re2 Bb3 20. Ng4 Rdg8 21. Rbe1 Ba4
22. Qe3 Qd8 23. Rc1 Nb3 24. Rce1 Na5 25. Rc1 Nb3 1/2-1/2

[Event "OLNO 1819 SV Empor Berlin - SF Berlin I"]
[Site "?"]
[Date "2019.02.24"]
[Round "7.7"]
[White "Lachmann, Utz"]
[Black "Silz, Elisa"]
[Result "1-0"]
[WhiteElo "2173"]
[BlackElo "2012"]
[PlyCount "91"]
[EventDate "2019.??.??"]

1. e4 c5 2. Nf3 d6 3. Bb5+ Bd7 4. Bxd7+ Qxd7 5. O-O Nc6 6. c3 Nf6 7. Re1 e6 8.
d4 cxd4 9. cxd4 d5 10. e5 Ne4 11. Nc3 Nxc3 12. bxc3 Na5 13. Qd3 Nc4 14. Nd2 Rc8
15. Nxc4 Rxc4 16. Re3 Be7 17. Rg3 g6 18. Bh6 Qc7 19. Rb1 Bf8 20. Bg5 Be7 21.
Bh6 Bf8 22. Bd2 Bg7 23. Qf3 O-O 24. h4 f6 25. exf6 Rxf6 26. Qe2 Qf7 27. Bg5 Rf5
28. Re3 Bf6 29. Rxe6 Bxg5 30. hxg5 Rc7 31. Re8+ Kg7 32. Re5 b6 33. Re1 Qf8 34.
Qe3 Rcf7 35. f3 Qd8 36. Rxf5 Rxf5 37. Qe7+ Qxe7 38. Rxe7+ Rf7 39. Rxf7+ Kxf7
40. Kf2 a5 41. Ke3 Ke6 42. g4 b5 43. Kd3 Kf7 44. Ke3 Ke7 45. f4 Kf7 46. f5 1-0